[Event "WUCC op 11th"]
[Site "Zuerich"]
[Date "2010.09.08"]
[Round "5"]
[White "Costa, Joao Guerra"]
[Black "Herath, HMLY"]
[Result "1-0"]
[WhiteElo "2186"]
[BlackElo "1884"]
[PlyCount "55"]
[EventDate "2010.09.05"]
[EventType "swiss"]
[EventRounds "9"]
[EventCountry "SUI"]
[SourceTitle "CBM 138 Extra"]
[Source "ChessBase"]
[SourceDate "2010.10.29"]
[SourceVersion "1"]
[SourceVersionDate "2010.10.29"]
[SourceQuality "1"]

1. f4 e5 2. fxe5 d6 3. e6 Bxe6 4. Nf3 Be7 5. e4 g5 6. Nd4 Qd7 7. Bb5 c6 8. Be2 Bf6 9. Nxe6 Qxe6 10. d3 Nd7 11. c3 Ne5 12. 0-0 h5 13. d4 Ng4 14. h3 N4h6 15. Bxh5 Be7 16. Bf3 Qg6 17. Qe2 0-0-0 18. d5 cxd5 19. exd5 f5 20. Bh5 Qg7 21. Re1 Rh7 22. Qe6+ Kb8 23. Bg6 Rh8 24. Bxg5 Re8 25. Bxe7 Qxe7 26. Na3 Qxe6 27. Rxe6 Rxe6 28. dxe6 1-0

[Event "WUCC op 11th"]
[Site "Zuerich"]
[Date "2010.09.08"]
[Round "6"]
[White "Herath, HMLY"]
[Black "Kalugampitiya, RS."]
[Result "1/2-1/2"]
[WhiteElo "1884"]
[BlackElo "2095"]
[PlyCount "139"]
[EventDate "2010.09.05"]
[EventType "swiss"]
[EventRounds "9"]
[EventCountry "SUI"]
[SourceTitle "CBM 138 Extra"]
[Source "ChessBase"]
[SourceDate "2010.10.29"]
[SourceVersion "1"]
[SourceVersionDate "2010.10.29"]
[SourceQuality "1"]

1. d4 Nf6 2. c4 g6 3. Nc3 Bg7 4. e4 d6 5. Nf3 0-0 6. Be2 e5 7. 0-0 Nc6 8. d5 Ne7 9. b4 Ne8 10. c5 f5 11. Ng5 f4 12. Bg4 Nf5 13. Ne6 Bxe6 14. dxe6 Nd4 15. Nd5 Bf6 16. Bb2 dxc5 17. bxc5 c6 18. e7 Bxe7 19. Nxe7+ Qxe7 20. Bxd4 exd4 21. Qxd4 Nf6 22. Bf3 Rad8 23. Qc4+ Kg7 24. Rab1 Rd7 25. Rb4 Qe5 26. Rfb1 Rff7 27. h3 h5 28. Qc2 Rfe7 29. R1b3 g5 30. Qc3 Qxc3 31. Rxc3 g4 32. hxg4 hxg4 33. Be2 Nxe4 34. Rcc4 Nf6 35. Rc2 Nd5 36. Rd4 Nc3 37. Rxd7 Nxe2+ 38. Rxe2 Rxd7 39. Re4 Rf7 40. g3 Kg6 41. gxf4 Kf5 42. Rb4 Rd7 43. Kg2 Rh7 44. Kg3 Rh3+ 45. Kg2 Ra3 46. Rxb7 Kxf4 47. Rc7 Rxa2 48. Rxc6 g3 49. Rf6+ Ke5 50. Rh6 Rxf2+ 51. Kxg3 Rf7 52. Rh1 Kd5 53. Rc1 Kc6 54. Rc2 a5 55. Ra2 Ra7 56. Kf4 Kxc5 57. Ke3 Kb4 58. Kd2 Kb3 59. Rc2 Rh7 60. Rc3+ Kb4 61. Rg3 Rc7 62. Rg8 a4 63. Rb8+ Ka3 64. Rb6 Ka2 65. Rb8 a3 66. Rb6 Rh7 67. Kc2 Rh2+ 68. Kc1 Rh1+ 69. Kc2 Rg1 70. Rb8 1/2-1/2